[Event "Santos op"]
[Site "Santos"]
[Date "2009.06.28"]
[Round "5"]
[White "Zimmermann, Aranha Alvaro"]
[Black "Mekhitarian, Krikor Sevag"]
[Result "0-1"]
[WhiteElo "2292"]
[BlackElo "2503"]
[PlyCount "132"]
[EventDate "2009.06.26"]
[EventType "swiss"]
[EventRounds "6"]
[EventCountry "BRA"]
[SourceTitle "EXT 2012"]
[Source "ChessBase"]
[SourceDate "2011.11.24"]
[SourceVersion "1"]
[SourceVersionDate "2011.11.24"]
[SourceQuality "1"]

1. d4 Nf6 2. c4 g6 3. Nc3 d5 4. cxd5 Nxd5 5. e4 Nxc3 6. bxc3 Bg7 7. Nf3 c5 8. Bb5+ Nd7 9. 0-0 a6 10. Bxd7+ Qxd7 11. Be3 0-0 12. dxc5 Bxc3 13. Rc1 Bg7 14. Bd4 f6 15. Qc2 Rd8 16. Ba1 e5 17. Rfd1 Qe8 18. Rxd8 Qxd8 19. Qb3+ Kh8 20. Bb2 Qe7 21. c6 bxc6 22. Rxc6 Bb7 23. Ba3 Qd7 24. Rb6 Rd8 25. Rd6 Qc7 26. Qf7 Qxf7 27. Rxd8+ Qg8 28. Rxg8+ Kxg8 29. Nd2 a5 30. f3 a4 31. Bb4 Kf7 32. Nb1 Ke6 33. Nc3 Bc6 34. Kf2 f5 35. Ke2 g5 36. exf5+ Kxf5 37. g4+ Ke6 38. Ke3 Bf6 39. Ne4 Bd8 40. Bc5 Kd5 41. Kd3 Bb5+ 42. Ke3 Bc4 43. a3 Bb5 44. Bf8 Bc6 45. Kd3 Bb5+ 46. Ke3 Bc6 47. Kd3 Be8 48. Nc3+ Ke6 49. Ne4 h5 50. h3 Bb5+ 51. Ke3 h4 52. Kd2 Bf1 53. Bh6 Be7 54. Nc3 Bxh3 55. Nxa4 Bf1 56. Nc3 h3 57. Ne4 h2 58. Ng3 Bg2 59. Ke2 h1Q 60. Nxh1 Bxh1 61. Bg7 Bxa3 62. Ke3 Kd5 63. Kf2 Bc1 64. Bf6 Bf4 65. Bd8 e4 66. fxe4+ Kxe4 0-1

[Event "Santos op"]
[Site "Santos"]
[Date "2009.06.26"]
[Round "2"]
[White "Mandetta, Joao Danilo"]
[Black "Zimmermann, Aranha Alvaro"]
[Result "1/2-1/2"]
[WhiteElo "1987"]
[BlackElo "2292"]
[PlyCount "87"]
[EventDate "2009.06.26"]
[EventType "swiss"]
[EventRounds "6"]
[EventCountry "BRA"]
[SourceTitle "EXT 2012"]
[Source "ChessBase"]
[SourceDate "2011.11.24"]
[SourceVersion "1"]
[SourceVersionDate "2011.11.24"]
[SourceQuality "1"]

1. d4 Nf6 2. c4 e6 3. Nc3 Bb4 4. Qc2 d5 5. cxd5 Qxd5 6. Nf3 Qf5 7. Qxf5 exf5 8. Bd2 c6 9. a3 Bd6 10. g3 0-0 11. Bg2 Re8 12. 0-0 Nbd7 13. Bf4 Bf8 14. b4 Nb6 15. Ne5 Nfd5 16. Nxd5 Nxd5 17. b5 Nxf4 18. gxf4 cxb5 19. Bd5 Re7 20. Rfb1 a6 21. a4 b4 22. a5 Be6 23. Bxe6 Rxe6 24. Ra2 Rc8 25. Rab2 Rc3 26. Nd3 Ra3 27. Nc5 Bxc5 28. dxc5 Rxa5 29. Rxb4 Rxc5 30. Rxb7 h5 31. e3 Rg6+ 32. Kf1 h4 33. h3 a5 34. Ra7 Rd6 35. Rb8+ Kh7 36. Rbb7 Rc1+ 37. Ke2 Rc2+ 38. Ke1 Rg6 39. Kf1 Rc1+ 40. Ke2 Rh1 41. Rxf7 Rxh3 42. Rxf5 Rh1 43. Rh5+ Rh6 44. Rg5 1/2-1/2